| 000 -LEADER |
| fixed length control field |
00967nam a22002537a 4500 |
| 003 - CONTROL NUMBER IDENTIFIER |
| control field |
OSt |
| 005 - DATE AND TIME OF LATEST TRANSACTION |
| control field |
20251013120126.0 |
| 008 - FIXED-LENGTH DATA ELEMENTS--GENERAL INFORMATION |
| fixed length control field |
251013b ||||| |||| 00| 0 eng d |
| 020 ## - INTERNATIONAL STANDARD BOOK NUMBER |
| International Standard Book Number |
9781474915083 |
| Qualifying information |
book set |
| 040 ## - CATALOGING SOURCE |
| Transcribing agency |
KH8 |
| 082 ## - DEWEY DECIMAL CLASSIFICATION NUMBER |
| Classification number |
FIC DAY |
| 100 ## - MAIN ENTRY--PERSONAL NAME |
| Personal name |
Daynes, Katie, |
| Relator term |
author. |
| 245 ## - TITLE STATEMENT |
| Title |
The Story of Chocolate / |
| Statement of responsibility, etc. |
Katie Daynes ; illustrated by Adam Larkum. |
| 260 ## - PUBLICATION, DISTRIBUTION, ETC. |
| Place of publication, distribution, etc. |
England ; |
| Name of publisher, distributor, etc. |
Usborne Publishing Ltd , |
| Date of publication, distribution, etc. |
2006. |
| 300 ## - PHYSICAL DESCRIPTION |
| Extent |
48 pages : |
| Other physical details |
colour illustrations ; |
| Dimensions |
20 cm. |
| 490 ## - SERIES STATEMENT |
| Series statement |
Usborne Young Reading |
| Volume/sequential designation |
series one |
| 520 ## - SUMMARY, ETC. |
| Summary, etc. |
It's the world's most popular treat, but where does chocolate come from? And why is it so delicious? Discover the bean behind each bar and follow its journey from the American rainforest to factories everywhere. |
| 650 ## - SUBJECT ADDED ENTRY--TOPICAL TERM |
| Topical term or geographic name entry element |
Easy reading |
| Form subdivision |
fiction |
| 650 ## - SUBJECT ADDED ENTRY--TOPICAL TERM |
| Topical term or geographic name entry element |
Story book |
| Form subdivision |
fiction |
| 650 ## - SUBJECT ADDED ENTRY--TOPICAL TERM |
| Topical term or geographic name entry element |
Young readers |
| 700 ## - ADDED ENTRY--PERSONAL NAME |
| Personal name |
Larkum, Adam, |
| Relator term |
illustrator. |
| 830 ## - SERIES ADDED ENTRY--UNIFORM TITLE |
| Uniform title |
Usborne Young Reading |
| 942 ## - ADDED ENTRY ELEMENTS (KOHA) |
| Source of classification or shelving scheme |
|
| Koha item type |
Books - Fiction |